000 01961nam a2200541 i 4500
001 51816
003 KOSZ 005
005 20210630145550.0
008 981102s1998 pl a f f |000 0 pol
015 _aUWD 1998/14018
020 _a8387198358
035 _a991007498839705066
035 _a(PL-WaBN)b11945345-48omnis_nlop
035 _ab11945345
035 _a(OCoLC)830214273
035 _a(PL)b0000001194534
035 _a(EXLNZ-48OMNIS_NETWORK)9910274029005606
040 _aWA N
_cWA N
_dKOSZ 005/HR
041 0 _apol
046 _k1997
080 _a664.014
080 _a615.9
080 _a543
080 _a614.3
080 _a(075.8)
245 0 0 _aInstrumentalne metody identyfikacji i oznaczania składników żywności.
_nCz. 2,
_pĆwiczenia laboratoryjne : praca zbiorowa /
_cpod red. Joanny Masłowskiej ; [aut. Joanna Masłowska et al.] ; Politechnika Łódzka.
260 _aŁódź :
_bWydaw. PŁ,
_c1998.
300 _a469 s. :
_brys., wykr. ;
_c24 cm.
336 _aTekst
_btxt
_2rdacontent
337 _aBez urządzenia pośredniczącego
_bn
_2rdamedia
338 _aWolumin
_bnc
_2rdacarrier
380 _aKsiążki
380 _aPublikacje dydaktyczne
385 _mPoziom nauczania
_aSzkoły wyższe
388 _a1901-2000
388 _a1989-2000
504 _aBibliogr. przy ćw.
521 8 _aSkrypt dla studentów Wydz. Chemii Spożywczej i Biotechnologii PŁ oraz innych Wydz. Chemicznych politechnik, uniwersytetów, akademii rolniczych.
580 _aCz. 1 poz. 3378/98.
650 7 _aToksykologia żywności
_2DBN
655 7 _aPodręczniki akademickie
_2DBN
658 _aChemia
700 1 _aMasłowska, Joanna
_d(1932-2002)
_eAutor
_eRedakcja
710 2 _aWydawnictwo Politechniki Łódzkiej
_4pbl
856 _uhttp://koha.tu.koszalin.pl/cgi-bin/koha/opac-detail.pl?biblionumber=51816
_yKatalog online BPK
942 _2UKD
_cKS
999 _c51816
_d51816